000 00807nam a22002537a 4500
001 BR2024004494
003 BR-BrBNA
005 20250314192853.0
008 250314b bl.||||| |||| 00| 0 por d
040 _aBR-BrBNA
_bpor
041 _apor
072 _aU10
090 _aU10
_bBR2024004494
110 _4aut.
_aDepartamento de estatística e publicidade
245 _aAnnuario publicado pelo o observatorio do rio de janeiro :
_bPara o anno de 1896 /
260 _aRio de Janeiro, RJ (Brasil) :
_bH. Lombaerts e comp, Impressores do Observatorio,
_c1893.
300 _a320 p.
520 _aAnnuario publicado pelo o observatório do rio de janeiro para o ano de 1896.
650 _aASTRONOMIA
650 _aCRONOLOGIA
650 _aCALENDARIO
909 _a2022503
_bMartins
942 _cBK
999 _c330434
_d330434